000 00543nam a2200193 i 4500
001 31381
003 ES-MaACL
005 20251110063218.0
007 t|
008 030129s1865 fr ||||1| fre d
100 1 _aBaudrillart, Henri,
_d1821-1894
_926536
245 1 0 _aManuel d'economie politique /
_cpar H. Baudrillart.
250 _a2eme ed.
260 _aParís :
_bGuillaumin et Cie,
_c1865.
300 _aXI, 516 p. ;
_c18 cm.
650 0 7 _aEconomía
_2embne
_912006
852 _aES-MaACL
_jG-8660
999 _c31381
_d31381